000 00542cam a2200205ua 4500
020 _c36.00
041 _aeng
_h
082 _a510.062
_bSHA/AD
100 _aSharma, G S .
245 _aAdvanced mathematics for engineers and scientists, Vol 1 /
_cG S Sharma.
_hTextual Documents
250 _a1 /
_b.
260 _aNew Delhi :
_bC B S Publishers & Distributers ,
_c1984.
300 _a613 ; .
365 _a36.00
504 _a
700 1 _aAhuja, K L .
700 1 _aSarna, I J S .
942 _cBK
999 _c9144
_d9144